=LDR 00000nam 2200000 4500 =001 INLIS000000000025435 =005 20130612123938 =008 ***********************************Ind** =035 ##$$0010-061300000025435 =041 ##$$a Ind =082 ##$$a 813 =090 ##$$a 813, Sav o =100 ##$$a Savard, Didier =245 ##$$a Oper terkutuk, petualangan Dick Herison, Didier Savard =260 ##$$a 1995 $b Jakarta =300 ##$$a 48 hlm, ilus, 28 cm =650 ##$$a Fiksi Indonesia =850 ##$$a NBPNMAT